Desarrollo industrial: guía para acelerar el crecimiento económico

Kaydedildi:
Detaylı Bibliyografya
Yazar: Bryce, Murray D (Yazar)
Materyal Türü: Kitap
Dil:İspanyolca
Baskı/Yayın Bilgisi: Madrid Del Castillo 1961
Konular:
Etiketler: Etiketle
Etiket eklenmemiş, İlk siz ekleyin!

MARC

LEADER 00000nam a2200000 a 4500
001 UCR9475
003 CL-VaPUC
008 980613e19610000SP |||||||||||||||||spa|d
082 0 4 |a 338.9  |b BRY  |2 21 
100 0 |a Bryce, Murray D  |e author  |9 412061 
245 1 0 |a Desarrollo industrial: guía para acelerar el crecimiento económico 
300 |a 294 p 
942 |c BK 
945 |d 19980613 00:00:00  |a crobeson 
260 |a Madrid  |b Del Castillo  |c 1961 
650 0 |a Desarrollo industrial  |9 322675 
650 0 |a Desarrollo económico y social   |9 256320 
650 0 |a Cambio tecnológico  |9 334821 
650 7 |a ECONOMIA INDUSTRIAL  |2 CL-VaPUC  |9 315314 
650 0 |a Industrialización  |9 263687 
650 7 |a PLANIFICACION INDUSTRIAL  |2 CL-VaPUC  |9 331542 
650 0 |a Política industrial  |9 334157 
650 0 |a Transferencia de tecnología  |9 259659 
583 |a last modification  |c 19980613 00:00:00  |k Rodrigo Vera 
999 |c 270669  |d 270667 
952 |0 0  |1 0  |4 0  |6 338_900000000000000_BRY_1961  |7 0  |8 A  |9 305040  |a BIBGIM  |b BIBGIM  |d 2019-11-20  |i 1413783  |o 338.9 BRY 1961  |p 1413783  |r 2025-01-15  |w 2019-11-20  |y BK  |k COM